[Event "4NCL Division 2b"]
[Site "De Vere, Staverton Park ENG"]
[Date "2013.01.12"]
[Round "3.77"]
[White "Wittmann, Jochen"]
[Black "Reynolds, Mark A"]
[Result "0-1"]
[WhiteElo "2176"]
[BlackElo "1903"]
[PlyCount "52"]
[EventDate "2013.01.12"]
[WhiteTeam "Kings Head"]
[BlackTeam "North East England"]

1. f4 d5 2. Nf3 Nf6 3. g3 g6 4. Bg2 Bg7 5. O-O O-O 6. d3 c5 7. Nc3 d4 8. Na4
Qa5 9. c4 Nbd7 10. Bd2 Qc7 11. Rb1 Rb8 12. b4 b6 13. Ng5 Bb7 14. Bxb7 Rxb7 15.
f5 h6 16. Nh3 g5 17. e4 dxe3 18. Bxe3 cxb4 19. Rxb4 Rd8 20. Nf2 Ne5 21. Qe2 Qc6
22. Ne4 Nxd3 23. Nxf6+ Bxf6 24. Rb3 Qxc4 25. Rc1 Qxa4 26. Rxd3 Rbd7 0-1

[Event "4NCL Division 2b"]
[Site "De Vere, Staverton Park ENG"]
[Date "2013.01.12"]
[Round "3.25"]
[White "Milliet, Sophie"]
[Black "Beaumont, Chris R"]
[Result "1/2-1/2"]
[WhiteElo "2403"]
[BlackElo "2273"]
[PlyCount "125"]
[EventDate "2013.01.12"]
[WhiteTeam "3Cs 1"]
[BlackTeam "Bristol 1"]

1. e4 g6 2. d4 Bg7 3. Nc3 c5 4. d5 d6 5. Bb5+ Bd7 6. a4 Na6 7. Nf3 Nf6 8. O-O
O-O 9. h3 Nc7 10. Be2 a6 11. Be3 b5 12. e5 Nfe8 13. exd6 exd6 14. Bg5 Nf6 15.
Ne4 Ncxd5 16. Nxf6+ Nxf6 17. Qxd6 Ne4 18. Bxd8 Nxd6 19. Be7 Rfe8 20. Bxd6 Rxe2
21. Bxc5 Rxc2 22. Bd4 Bxd4 23. Nxd4 Rxb2 24. axb5 Bxb5 25. Nxb5 Rxb5 26. Ra2 a5
27. Rfa1 Kg7 28. Ra3 h5 29. h4 Ra7 30. g3 Kf6 31. Kg2 Rf5 32. Ra4 Ke6 33. Rb1
Kd6 34. Rb6+ Kc7 35. Rb2 Rb7 36. Rc4+ Kb8 37. Rd2 Ka7 38. Rc6 Rfb5 39. Ra2 Re7
40. Rf6 Kb7 41. Ra3 Rb6 42. Rf4 Ka6 43. Rd4 Re5 44. Rd8 Ka7 45. Rd7+ Rb7 46.
Rd6 Rf5 47. Ra2 Rc7 48. Rb2 Rb7 49. Ra2 Rb6 50. Rd7+ Ka6 51. Rd8 Rbb5 52. Rad2
Rb4 53. Ra8+ Kb5 54. Ra2 Kb6 55. Rb8+ Kc7 56. Ra8 Rbb5 57. Rc2+ Kd6 58. Rd8+
Ke7 59. Ra8 Rfc5 60. Rd2 Rd5 61. Rc2 Ke6 62. Re8+ Kf6 63. Ra2 1/2-1/2

[Event "4NCL Division 2b"]
[Site "De Vere, Staverton Park ENG"]
[Date "2013.01.12"]
[Round "3.82"]
[White "Rudd, Jack"]
[Black "Ashton, Adam G"]
[Result "0-1"]
[WhiteElo "2300"]
[BlackElo "2366"]
[PlyCount "54"]
[EventDate "2013.01.12"]
[WhiteTeam "Bristol 1"]
[BlackTeam "3Cs 1"]

1. d4 d5 2. c4 e6 3. Nc3 Nf6 4. cxd5 exd5 5. Bg5 Be7 6. e3 O-O 7. Bd3 Nbd7 8.
Nge2 Re8 9. O-O c6 10. Qc2 Nf8 11. f3 Be6 12. Kh1 Ng6 13. e4 dxe4 14. fxe4 Ng4
15. Bd2 c5 16. d5 Bd7 17. Ng1 Nxh2 18. Kxh2 Bd6+ 19. Kh1 Qh4+ 20. Nh3 Bxh3 21.
Be1 Bxg2+ 22. Kxg2 Qh2+ 23. Kf3 Ne5+ 24. Ke3 Qh6+ 25. Kf2 c4 26. Bxc4 Qh2+ 27.
Ke3 Nxc4+ 0-1

[Event "4NCL Division 2b"]
[Site "De Vere, Staverton Park ENG"]
[Date "2013.01.12"]
[Round "3.83"]
[White "Longson, Alexander"]
[Black "Dilleigh, Stephen P"]
[Result "1-0"]
[WhiteElo "2270"]
[BlackElo "2112"]
[PlyCount "57"]
[EventDate "2013.01.12"]
[WhiteTeam "3Cs 1"]
[BlackTeam "Bristol 1"]

1. e4 e6 2. d4 d5 3. Nc3 Nf6 4. e5 Nfd7 5. f4 c5 6. Nf3 Nc6 7. Be3 Be7 8. Qd2
O-O 9. Be2 a6 10. O-O b5 11. Kh1 Qc7 12. a3 Bb7 13. dxc5 Bxc5 14. Bxc5 Nxc5 15.
Qe3 Nd7 16. Bd3 Rfd8 17. Ne2 Rac8 18. Ned4 Nxd4 19. Nxd4 Nc5 20. f5 Nxd3 21.
cxd3 Qe7 22. f6 Qf8 23. fxg7 Qxg7 24. Rf3 Kh8 25. Rg3 Qf8 26. Qg5 h6 27. Qf6+
Kh7 28. Nf3 d4 29. Ng5+ 1-0

[Event "4NCL Division 2b"]
[Site "De Vere, Staverton Park ENG"]
[Date "2013.01.12"]
[Round "3.84"]
[White "Curtis, John E"]
[Black "Clarke, Stuart W"]
[Result "1/2-1/2"]
[WhiteElo "2111"]
[BlackElo "2295"]
[PlyCount "42"]
[EventDate "2013.01.12"]
[WhiteTeam "Bristol 1"]
[BlackTeam "3Cs 1"]

1. d4 e6 2. Nf3 Nf6 3. e3 b6 4. Bd3 Bb7 5. Nbd2 c5 6. O-O d5 7. b3 Nbd7 8. Bb2
Bd6 9. Ne5 O-O 10. Nxd7 Nxd7 11. Qh5 f5 12. Nf3 Rf6 13. Ne5 Nxe5 14. dxe5 Rh6
15. Qf3 Bf8 16. Rfd1 Qe7 17. Qg3 Rc8 18. Bf1 Rg6 19. Qh3 Rh6 20. Qg3 Rg6 21.
Qh3 Rh6 1/2-1/2

[Event "4NCL Division 2b"]
[Site "De Vere, Staverton Park ENG"]
[Date "2013.01.12"]
[Round "3.87"]
[White "Horton, Jamie A"]
[Black "Bennett, Dominic L"]
[Result "1-0"]
[WhiteElo "2009"]
[BlackElo "2009"]
[PlyCount "67"]
[EventDate "2013.01.12"]
[WhiteTeam "3Cs 1"]
[BlackTeam "Bristol 1"]

1. e4 c5 2. Nf3 e6 3. d3 Nc6 4. g3 b6 5. Bg2 Bb7 6. O-O Rc8 7. Re1 Be7 8. h4 h6
9. Nbd2 Qc7 10. Nf1 b5 11. c3 d6 12. Bd2 Nf6 13. Rc1 Qb6 14. Qe2 Qa6 15. Ra1
Qb6 16. N3h2 Nd8 17. Kh1 d5 18. e5 Ng8 19. h5 Bf8 20. Nf3 Ne7 21. Nh4 d4 22.
Nh2 Bxg2+ 23. Kxg2 c4 24. N2f3 dxc3 25. Bxc3 Nd5 26. Bd4 Bc5 27. dxc4 Bxd4 28.
cxd5 exd5 29. Nxd4 Qxd4 30. Nf5 Qe4+ 31. Qxe4 dxe4 32. Nd6+ Kd7 33. Nxc8 Kxc8
34. Rxe4 1-0

[Event "4NCL Division 2b"]
[Site "De Vere, Staverton Park ENG"]
[Date "2013.01.12"]
[Round "3.88"]
[White "Slade, Theo"]
[Black "Burton, Graham P"]
[Result "0-1"]
[WhiteElo "1775"]
[BlackElo "2038"]
[PlyCount "84"]
[EventDate "2013.01.12"]
[WhiteTeam "Bristol 1"]
[BlackTeam "3Cs 1"]

1. d4 Nf6 2. Bg5 c5 3. Bxf6 gxf6 4. d5 Qb6 5. Qc1 e6 6. c4 Bg7 7. Nc3 f5 8. g3
d6 9. Bg2 e5 10. f3 Nd7 11. Nh3 Nf6 12. Nf2 O-O 13. O-O Bd7 14. e4 a6 15. Qc2
fxe4 16. Nfxe4 Nxe4 17. Nxe4 h6 18. Nc3 f5 19. Bh3 Qd8 20. Qg2 b5 21. cxb5 axb5
22. g4 b4 23. Nd1 fxg4 24. Bxg4 Bxg4 25. Qxg4 Qg5 26. Qxg5 hxg5 27. Ne3 e4 28.
fxe4 Bd4 29. Rae1 Rxa2 30. Rxf8+ Kxf8 31. Kh1 Bxe3 32. Rxe3 Rxb2 33. Rh3 b3 34.
Rh8+ Ke7 35. Rh7+ Kf6 36. Rh6+ Ke5 37. Re6+ Kd4 38. Rxd6 Rc2 39. Rb6 b2 40. d6
Rc1+ 41. Kg2 b1=Q 42. Rxb1 Rxb1 0-1

[Event "4NCL Division 2a"]
[Site "De Vere, Staverton Park ENG"]
[Date "2013.01.13"]
[Round "4.11"]
[White "Zakarian, David"]
[Black "Slaby, Jerzy"]
[Result "1-0"]
[WhiteElo "2374"]
[BlackElo "2476"]
[PlyCount "95"]
[EventDate "2013.01.13"]
[WhiteTeam "Oxford 1"]
[BlackTeam "Pandora's Box Grantham"]

1. e4 g6 2. d4 Bg7 3. Nc3 c6 4. Nf3 d5 5. h3 Nf6 6. exd5 cxd5 7. Bb5+ Bd7 8.
Bxd7+ Nbxd7 9. O-O O-O 10. Re1 a6 11. a4 Nb6 12. Ne5 Rc8 13. Bf4 e6 14. Qd3
Nfd7 15. Nxd7 Qxd7 16. a5 Nc4 17. Na4 Qe7 18. b3 Nxa5 19. Nb6 Rcd8 20. Qd2 Nc6
21. c3 Rfe8 22. b4 f6 23. Rad1 Qf7 24. Bg3 Na7 25. Re2 Nc8 26. Na4 b6 27. Rde1
Qd7 28. Qa2 Kf7 29. Nb2 Qb5 30. Re3 Nd6 31. Bxd6 Rxd6 32. Nd3 Bh6 33. f4 Rc6
34. Qf2 Kg8 35. Qh4 Kg7 36. Nf2 f5 37. Rf3 a5 38. g4 axb4 39. Ra1 Rc7 40. cxb4
Qe2 41. Kg2 e5 42. dxe5 Bxf4 43. Qf6+ Kg8 44. Rxf4 Rf7 45. Qd6 Rxe5 46. Ra8+
Kg7 47. g5 Re4 48. Qd8 1-0

[Event "4NCL Division 2a"]
[Site "De Vere, Staverton Park ENG"]
[Date "2013.01.13"]
[Round "4.12"]
[White "Crouch, Colin S"]
[Black "Rose, Matthew"]
[Result "0-1"]
[WhiteElo "2388"]
[BlackElo "2303"]
[PlyCount "78"]
[EventDate "2013.01.13"]
[WhiteTeam "Pandora's Box Grantham"]
[BlackTeam "Oxford 1"]

1. d4 Nf6 2. c4 g6 3. f3 Bg7 4. e4 d6 5. Ne2 O-O 6. Be3 c5 7. Qd2 Nc6 8. Nbc3
Qa5 9. Rd1 a6 10. a3 e6 11. Nb1 Qxd2+ 12. Rxd2 d5 13. dxc5 dxe4 14. Nec3 exf3
15. gxf3 e5 16. Kf2 Bf5 17. Bd3 Bxd3 18. Rxd3 e4 19. Nxe4 Nxe4+ 20. fxe4 Ne5
21. Rb3 f5 22. Rxb7 Rad8 23. Bg5 Rde8 24. Re7 Nd3+ 25. Ke3 Nxc5 26. Nd2 h6 27.
Bh4 g5 28. Rxe8 Rxe8 29. Bf2 Bxb2 30. Rb1 Bxa3 31. Rb6 Nxe4 32. Nxe4 Bc5+ 33.
Kd2 Bxb6 34. Nf6+ Kf7 35. Nxe8 Bxf2 36. Nc7 a5 37. Kd3 Bc5 38. Na6 Bg1 39. h3
Ke6 0-1

[Event "4NCL Division 2a"]
[Site "De Vere, Staverton Park ENG"]
[Date "2013.01.13"]
[Round "4.13"]
[White "Schmidt, Jan-Peter"]
[Black "Ross, Chris N"]
[Result "1-0"]
[WhiteElo "2269"]
[BlackElo "2247"]
[PlyCount "79"]
[EventDate "2013.01.13"]
[WhiteTeam "Oxford 1"]
[BlackTeam "Pandora's Box Grantham"]

1. Nf3 Nf6 2. c4 g6 3. g3 Bg7 4. Bg2 O-O 5. d4 d6 6. Nc3 Nbd7 7. O-O e5 8. e4
c6 9. b3 Re8 10. h3 exd4 11. Nxd4 Nc5 12. Re1 a5 13. Bf4 Nh5 14. Be3 Qc7 15.
Qc2 Bd7 16. Rad1 Rad8 17. Bg5 Bf6 18. Ndb5 Qb8 19. Bxf6 Nxf6 20. Nxd6 Re6 21.
e5 Ne8 22. Nde4 Qxe5 23. Nxc5 Qxc5 24. Rxe6 fxe6 25. Ne4 Qe7 26. Qd2 a4 27. b4
b6 28. Qg5 Kf8 29. Qe5 Kg8 30. c5 Bc8 31. Nd6 Nxd6 32. cxd6 Qd7 33. h4 Ba6 34.
h5 Rf8 35. hxg6 hxg6 36. Qe4 Qf7 37. f4 c5 38. bxc5 bxc5 39. d7 Rd8 40. Bh3 1-0

[Event "4NCL Division 2a"]
[Site "De Vere, Staverton Park ENG"]
[Date "2013.01.13"]
[Round "4.14"]
[White "Batchelor, Peter J"]
[Black "Smallbone, Kieran D"]
[Result "0-1"]
[WhiteElo "2142"]
[BlackElo "2211"]
[PlyCount "100"]
[EventDate "2013.01.13"]
[WhiteTeam "Pandora's Box Grantham"]
[BlackTeam "Oxford 1"]

1. e4 c6 2. d4 d5 3. Nd2 dxe4 4. Nxe4 Bf5 5. Ng3 Bg6 6. f4 e6 7. Bc4 Bb4+ 8. c3
Bd6 9. N1e2 Ne7 10. O-O Nd7 11. a4 Qc7 12. a5 Nf6 13. Bd3 Bxd3 14. Qxd3 g6 15.
b4 a6 16. Bd2 Nf5 17. Ne4 Nxe4 18. Qxe4 Be7 19. c4 Rd8 20. Bc3 O-O 21. g4 Nd6
22. Qd3 f5 23. Ng3 Bf6 24. g5 Bg7 25. Rae1 Qd7 26. Re3 Ne8 27. Ne2 Nd6 28. h4
Ne4 29. Rd1 h5 30. Bb2 Qc7 31. Rf1 Rfe8 32. Rxe4 fxe4 33. Qxe4 Qf7 34. Ng3 Rf8
35. Kg2 e5 36. f5 gxf5 37. Rxf5 Qxc4 38. Nxh5 Rxf5 39. Qxf5 Qe2+ 40. Kg3 Qxh5
41. dxe5 Qe2 42. Bd4 Qc4 43. e6 Rf8 44. Bf6 Bxf6 45. e7 Qc3+ 46. Kg4 Qxb4+ 47.
Kh5 Qxe7 48. gxf6 Qxf6 49. Qg4+ Kh8 50. Qg7+ Kxg7 0-1

[Event "4NCL Division 2a"]
[Site "De Vere, Staverton Park ENG"]
[Date "2013.01.13"]
[Round "4.16"]
[White "Capuzzo, Marcos"]
[Black "Dickinson, Tim R"]
[Result "1-0"]
[WhiteElo "2224"]
[BlackElo "2134"]
[PlyCount "93"]
[EventDate "2013.01.13"]
[WhiteTeam "Pandora's Box Grantham"]
[BlackTeam "Oxford 1"]

1. e4 c6 2. Nf3 d5 3. e5 Bg4 4. h3 Bxf3 5. Qxf3 e6 6. g3 c5 7. Bg2 Nc6 8. Qe2
Qg5 9. O-O Qxe5 10. Qxe5 Nxe5 11. Re1 Nc6 12. Bxd5 O-O-O 13. Bxc6 bxc6 14. Na3
Kd7 15. Nc4 f6 16. d3 Ne7 17. Bd2 Nd5 18. Re2 Bd6 19. Rae1 Rhe8 20. a3 Re7 21.
Kg2 Rde8 22. Re4 g6 23. Ba5 Bc7 24. Bxc7 Kxc7 25. f4 Nb6 26. Na5 Kd6 27. Kf3
Kd5 28. g4 Kd6 29. Nb3 e5 30. h4 Nd5 31. fxe5+ fxe5 32. Nd2 Rf8+ 33. Kg3 Nb6
34. Nf3 Nd7 35. R1e3 h5 36. g5 Rf5 37. Nd2 Nb6 38. Re2 Ref7 39. a4 Ke6 40. a5
Nd7 41. Nc4 Rf8 42. b3 R8f7 43. Kg2 Rf4 44. Rxe5+ Nxe5 45. Nxe5 Rd4 46. Nxf7+
Kxf7 47. Rf2+ 1-0

[Event "4NCL Division 2a"]
[Site "De Vere, Staverton Park ENG"]
[Date "2013.01.13"]
[Round "4.17"]
[White "Nitz, Tomos"]
[Black "Burrows, Martin P"]
[Result "1/2-1/2"]
[WhiteElo "2122"]
[BlackElo "2153"]
[PlyCount "31"]
[EventDate "2013.01.13"]
[WhiteTeam "Oxford 1"]
[BlackTeam "Pandora's Box Grantham"]

1. d4 Nf6 2. c4 e6 3. Nf3 b6 4. g3 Ba6 5. Nbd2 d5 6. Bg2 Bd6 7. O-O O-O 8. Re1
Bb7 9. e4 dxe4 10. Ng5 Bb4 11. a3 Bxd2 12. Qxd2 Nbd7 13. Nxe4 Nxe4 14. Bxe4
Bxe4 15. Rxe4 Nf6 16. Re1 1/2-1/2

[Event "4NCL Division 2a"]
[Site "De Vere, Staverton Park ENG"]
[Date "2013.01.13"]
[Round "4.18"]
[White "Mangione, Claudio"]
[Black "Ehr, Jennifer"]
[Result "1/2-1/2"]
[WhiteElo "2098"]
[BlackElo "1595"]
[PlyCount "81"]
[EventDate "2013.01.13"]
[WhiteTeam "Pandora's Box Grantham"]
[BlackTeam "Oxford 1"]

1. c4 Nf6 2. g3 e6 3. Bg2 d5 4. Nf3 b6 5. cxd5 Nxd5 6. O-O Bb7 7. d4 Be7 8.
Qa4+ Qd7 9. Qb3 O-O 10. Ne5 Qc8 11. e4 Nf6 12. Nc3 Nbd7 13. Nc4 Rd8 14. Bf4 a6
15. Rad1 Nf8 16. d5 exd5 17. exd5 Ng6 18. Bg5 h6 19. Bxf6 Bxf6 20. Ne4 Be5 21.
f4 Bd6 22. Nexd6 cxd6 23. Nxb6 Qc5+ 24. Kh1 Rab8 25. Na4 Qa5 26. Nc3 Ba8 27.
Qa4 Qb6 28. b3 Re8 29. Qd4 Qb7 30. Ne4 Qd7 31. Rc1 Ne7 32. Nf2 Nf5 33. Bh3 Nxd4
34. Bxd7 Re7 35. Bc6 Re2 36. Bxa8 Rxa8 37. Rc4 Nf5 38. Nd1 Rxa2 39. Re1 Rd2 40.
Nc3 Rd3 41. b4 1/2-1/2

[Event "4NCL Division 2a"]
[Site "De Vere, Staverton Park ENG"]
[Date "2013.01.13"]
[Round "4.21"]
[White "Swanson, Stephen"]
[Black "Lindner, Daniel"]
[Result "0-1"]
[WhiteElo "2253"]
[BlackElo "2202"]
[PlyCount "122"]
[EventDate "2013.01.13"]
[WhiteTeam "Poisoned Pawns"]
[BlackTeam "Anglian Avengers 1"]

1. g3 g6 2. Bg2 Bg7 3. e4 c5 4. Ne2 Nc6 5. O-O Nf6 6. d3 O-O 7. c3 e5 8. Be3 b6
9. Qc1 d5 10. exd5 Nxd5 11. Bh6 Ba6 12. Bxg7 Kxg7 13. Qd2 Nde7 14. Rd1 Qd6 15.
c4 Rad8 16. Nec3 f5 17. Na3 Rd7 18. Nab5 Qf6 19. a3 Rfd8 20. Qe3 Nd4 21. Rac1
Bb7 22. Bxb7 Rxb7 23. Ne2 Nxb5 24. cxb5 Nd5 25. Qf3 Rbd7 26. h3 h5 27. Rc4 Nc7
28. Nc3 Ne6 29. Kg2 Nd4 30. Qe3 Re8 31. b4 cxb4 32. axb4 Qd6 33. h4 Nxb5 34.
Nxb5 Qd5+ 35. Kh2 Qxb5 36. Qc1 Qd5 37. Rc7 Ree7 38. Rxd7 Rxd7 39. Kg1 Qd4 40.
Re1 Qxd3 41. Rxe5 Qd1+ 42. Re1 Qxc1 43. Rxc1 f4 44. Kg2 fxg3 45. fxg3 a5 46.
Rc6 axb4 47. Rxb6 Rd4 48. Rb7+ Kf6 49. Rb6+ Kf5 50. Kf2 Rg4 51. Rb8 Ke5 52. Rd8
Rd4 53. Rg8 b3 54. Rb8 Rd3 55. Rb6 Kd4 56. g4 Kc3 57. Rc6+ Kd2 58. Rxg6 b2 59.
Rb6 Kc2 60. Rxb2+ Kxb2 61. gxh5 Rh3 0-1

[Event "4NCL Division 2a"]
[Site "De Vere, Staverton Park ENG"]
[Date "2013.01.13"]
[Round "4.22"]
[White "Talsma, Paul A"]
[Black "Byway, Paul V"]
[Result "1-0"]
[WhiteElo "2229"]
[BlackElo "2157"]
[PlyCount "63"]
[EventDate "2013.01.13"]
[WhiteTeam "Anglian Avengers 1"]
[BlackTeam "Poisoned Pawns"]

1. d4 Nf6 2. c4 e6 3. Nc3 d5 4. Bg5 Be7 5. e3 O-O 6. Rc1 h6 7. Bh4 Ne4 8. Bxe7
Qxe7 9. cxd5 Nxc3 10. Rxc3 exd5 11. Bd3 c6 12. Qb1 Nd7 13. Nf3 Nf6 14. O-O Ne4
15. Bxe4 dxe4 16. Ne5 Re8 17. b4 Be6 18. a4 f6 19. Ng6 Qf7 20. Nf4 Bc4 21. Rfc1
b5 22. axb5 cxb5 23. d5 Rad8 24. Qa1 g5 25. Ne6 Rxd5 26. Nd4 f5 27. Qa6 Kg7 28.
Ra3 Re7 29. Rca1 f4 30. Qc6 f3 31. Ra6 Qh5 32. Qf6+ 1-0

[Event "4NCL Division 2a"]
[Site "De Vere, Staverton Park ENG"]
[Date "2013.01.13"]
[Round "4.23"]
[White "Goodger, Martyn"]
[Black "Player, Edmund C"]
[Result "0-1"]
[WhiteElo "2086"]
[BlackElo "2248"]
[PlyCount "116"]
[EventDate "2013.01.13"]
[WhiteTeam "Poisoned Pawns"]
[BlackTeam "Anglian Avengers 1"]

1. f4 d5 2. Nf3 Nf6 3. g3 c5 4. Bg2 Nc6 5. O-O e6 6. d3 Be7 7. Qe1 O-O 8. c3 b6
9. Na3 Bb7 10. h3 Ne8 11. g4 Nc7 12. Bd2 f6 13. Qg3 Rb8 14. Nc2 a5 15. f5 Bd6
16. Qf2 Qd7 17. fxe6 Nxe6 18. Nh4 Ne7 19. Nf5 Bc7 20. Rae1 Nxf5 21. gxf5 Qd6
22. Bh1 Ng5 23. Bxg5 fxg5 24. e4 Rbe8 25. Re2 dxe4 26. dxe4 Ba6 27. Rd2 Qh6 28.
Rfd1 Qxh3 29. Rd7 Be5 30. Ne3 Bc8 31. R7d3 Ba6 32. c4 Bd4 33. Bg2 Qh6 34. Rxd4
cxd4 35. Rxd4 Bc8 36. Ng4 Qh4 37. Qf3 h5 38. Nf2 Bxf5 39. Qd3 Bg6 40. Qd2 Qf4
41. Qe2 Qf6 42. Qd2 Kh8 43. Rd6 Re6 44. Rxe6 Qxe6 45. Qxg5 Qf6 46. Qd2 Rd8 47.
Qe2 Qe5 48. Kh1 Re8 49. b3 Qf4 50. Kg1 Qg3 51. Kh1 h4 52. Nh3 Re5 53. Nf2 Bh5
54. Qd2 Bf3 55. Qd8+ Kh7 56. Bxf3 Qxf3+ 57. Kg1 h3 58. Qh4+ Rh5 0-1

[Event "4NCL Division 2a"]
[Site "De Vere, Staverton Park ENG"]
[Date "2013.01.13"]
[Round "4.24"]
[White "Munson, Shaun D"]
[Black "McEwan, Ken B"]
[Result "1-0"]
[WhiteElo "2177"]
[BlackElo "2100"]
[PlyCount "67"]
[EventDate "2013.01.13"]
[WhiteTeam "Anglian Avengers 1"]
[BlackTeam "Poisoned Pawns"]

1. d4 Nf6 2. Nc3 d5 3. Bg5 Nbd7 4. e3 g6 5. f4 Bg7 6. Nf3 c6 7. Be2 h6 8. Bh4
b5 9. O-O Nb6 10. b3 Bb7 11. Ne5 Nfd7 12. Bd3 Nxe5 13. fxe5 Qd7 14. Qf3 Rf8 15.
Ne2 O-O-O 16. Bg3 e6 17. a4 a6 18. Be1 f5 19. Ba5 Qc7 20. c4 dxc4 21. bxc4 c5
22. Qg3 b4 23. Nf4 Rde8 24. Qxg6 Bxe5 25. dxe5 Rg8 26. Qf6 Qc6 27. Rf2 Nd7 28.
Qh4 Nxe5 29. Qh3 Nxd3 30. Nxd3 Rg4 31. Ne5 Rxg2+ 32. Rxg2 Qe4 33. Qg3 f4 34.
Nf7 1-0

[Event "4NCL Division 2a"]
[Site "De Vere, Staverton Park ENG"]
[Date "2013.01.13"]
[Round "4.25"]
[White "Rosen, Daniel B"]
[Black "Taylor, Adam C"]
[Result "1/2-1/2"]
[WhiteElo "2085"]
[BlackElo "1950"]
[PlyCount "92"]
[EventDate "2013.01.13"]
[WhiteTeam "Poisoned Pawns"]
[BlackTeam "Anglian Avengers 1"]

1. e4 g6 2. d4 Bg7 3. Nc3 c5 4. Be3 Qa5 5. Qd2 Nf6 6. h3 cxd4 7. Bxd4 Nc6 8.
Be3 a6 9. Nf3 d6 10. Bd3 O-O 11. O-O b5 12. Bh6 Bb7 13. Bxg7 Kxg7 14. Qe3 Rac8
15. a3 Ne5 16. Nxe5 dxe5 17. Ne2 Qc7 18. Ng3 h6 19. Rfe1 Qc5 20. Qxc5 Rxc5 21.
c3 Rd8 22. Red1 h5 23. f3 Rc7 24. Bc2 Rcd7 25. Rxd7 Rxd7 26. Rd1 h4 27. Ne2
Rxd1+ 28. Bxd1 Nh5 29. a4 f5 30. axb5 axb5 31. exf5 gxf5 32. Bc2 Kf6 33. Kf2
Nf4 34. Nxf4 exf4 35. Bd3 Bc6 36. b4 e5 37. Bf1 e4 38. Be2 Ke5 39. Bf1 Kd5 40.
Be2 Bd7 41. Bf1 Kc6 42. Be2 Be6 43. Ke1 Bb3 44. Kf2 Ba4 45. Ke1 Bb3 46. Kf2 Ba4
1/2-1/2

[Event "4NCL Division 2a"]
[Site "De Vere, Staverton Park ENG"]
[Date "2013.01.13"]
[Round "4.26"]
[White "Gregory, Stephen J"]
[Black "McCorry, Robert T"]
[Result "1-0"]
[WhiteElo "2086"]
[BlackElo "2038"]
[PlyCount "58"]
[EventDate "2013.01.13"]
[WhiteTeam "Anglian Avengers 1"]
[BlackTeam "Poisoned Pawns"]

1. e4 c6 2. d4 d5 3. Nc3 dxe4 4. Nxe4 Bf5 5. Ng3 Bg6 6. Nf3 Nd7 7. Be2 e6 8.
O-O Ngf6 9. Bd2 Qc7 10. c4 c5 11. Bc3 Be7 12. Re1 O-O 13. Bf1 Rfd8 14. Qe2 Bf8
15. Rad1 h6 16. Ne5 cxd4 17. Bxd4 Bb4 18. Nxg6 Bxe1 19. Ne7+ Kf8 20. Qxe1 a5
21. Qe3 Re8 22. Nef5 exf5 23. Qa3+ Kg8 24. Nxf5 b6 25. Qf3 Re6 26. Qxa8+ Kh7
27. Qf3 g6 28. Ne3 h5 29. Nd5 Ng4 1-0

[Event "4NCL Division 2a"]
[Site "De Vere, Staverton Park ENG"]
[Date "2013.01.13"]
[Round "4.27"]
[White "McMahon, Paul"]
[Black "Gray, Mark S"]
[Result "1/2-1/2"]
[WhiteElo "1992"]
[BlackElo "2074"]
[PlyCount "148"]
[EventDate "2013.01.13"]
[WhiteTeam "Poisoned Pawns"]
[BlackTeam "Anglian Avengers 1"]

1. Nc3 d5 2. e4 d4 3. Nce2 e5 4. Ng3 Be6 5. Nf3 f6 6. d3 Bb4+ 7. Bd2 Bxd2+ 8.
Qxd2 Ne7 9. Be2 Ng6 10. Nh5 Qd7 11. h3 Nc6 12. c3 dxc3 13. bxc3 Rd8 14. O-O O-O
15. Rfd1 f5 16. Ng5 fxe4 17. Nxe4 Bd5 18. Bg4 Qe7 19. Qg5 Qf7 20. Nhg3 h6 21.
Qe3 Qf4 22. a3 b6 23. c4 Bxe4 24. Nxe4 Nd4 25. Ra2 Ne7 26. g3 Qf7 27. Kg2 h5
28. Ng5 Qg6 29. Be2 Nef5 30. Qc1 Nb3 31. Qb1 Qxg5 32. Qxb3 h4 33. Bg4 hxg3 34.
Bxf5 Qxf5 35. fxg3 Qf3+ 36. Kh2 e4 37. c5+ Kh8 38. cxb6 cxb6 39. Rad2 e3 40.
Rg2 e2 41. Re1 Rxd3 42. Qa4 Rxa3 43. Qh4+ Kg8 44. Qc4+ Qf7 45. Qxe2 a5 46. Qb2
Rb3 47. Qe5 Rf3 48. Ree2 Rf5 49. Qc3 a4 50. Qb4 b5 51. Re7 Qd5 52. Qb2 R8f7 53.
Re8+ Rf8 54. Re7 R8f7 55. Re8+ Kh7 56. Qc2 Qc5 57. Qe4 Qd5 58. Qc2 Qb3 59. Qc8
Qf3 60. Qc2 g6 61. Qb2 R5f6 62. Qxb5 Qf1 63. Qb2 a3 64. Qd4 Qf3 65. Qh4+ Qh5
66. Qxh5+ gxh5 67. Ra8 Rf3 68. h4 Rb7 69. Ra2 Rb2+ 70. Rxb2 axb2 71. Rb8 Rf2+
72. Kh3 Kg6 73. Rb5 Kf6 74. g4 hxg4+ 1/2-1/2

[Event "4NCL Division 2a"]
[Site "De Vere, Staverton Park ENG"]
[Date "2013.01.13"]
[Round "4.28"]
[White "Myall, Ivan J"]
[Black "Redman, David J"]
[Result "1-0"]
[WhiteElo "2082"]
[BlackElo "1818"]
[PlyCount "55"]
[EventDate "2013.01.13"]
[WhiteTeam "Anglian Avengers 1"]
[BlackTeam "Poisoned Pawns"]

1. e4 d5 2. exd5 Qxd5 3. Nc3 Qa5 4. d4 c6 5. Nf3 Bf5 6. Bc4 e6 7. O-O Nd7 8. a3
Ngf6 9. Bf4 Ne4 10. Nxe4 Bxe4 11. Ng5 Bg6 12. Re1 Be7 13. Bd2 Qf5 14. Ne4 O-O
15. g4 Bh5 16. gxf5 Bxd1 17. Raxd1 exf5 18. Ng3 Bf6 19. Nxf5 g6 20. Nh6+ Kh8
21. Nxf7+ Kg8 22. Ne5+ Kg7 23. Nxd7 Rfd8 24. Nxf6 Kxf6 25. h4 Kg7 26. Re7+ Kf8
27. Rde1 b5 28. Bh6# 1-0

[Event "4NCL Division 2a"]
[Site "De Vere, Staverton Park ENG"]
[Date "2013.01.13"]
[Round "4.31"]
[White "Taylor, Adam A"]
[Black "Ivell, Nicholas W"]
[Result "1-0"]
[WhiteElo "1917"]
[BlackElo "2320"]
[PlyCount "57"]
[EventDate "2013.01.13"]
[WhiteTeam "e2e4.org.uk 2"]
[BlackTeam "Spirit of Atticus"]

1. Nf3 d5 2. c4 e6 3. g3 c5 4. cxd5 exd5 5. d4 Nf6 6. Bg2 Be7 7. O-O O-O 8. Nc3
Nc6 9. Bg5 c4 10. Ne5 Be6 11. Nxc6 bxc6 12. Qa4 Qb6 13. b3 Qxd4 14. Rac1 Qg4
15. Bxf6 Bxf6 16. Bf3 Qg6 17. bxc4 Bg5 18. cxd5 Bxc1 19. dxe6 Bg5 20. exf7+ Kh8
21. Bxc6 Rac8 22. Be8 Be7 23. Qxa7 Bc5 24. Qb7 Rd8 25. Na4 Bd6 26. Qc6 h5 27.
Nc5 h4 28. Nb7 hxg3 29. hxg3 1-0

[Event "4NCL Division 2a"]
[Site "De Vere, Staverton Park ENG"]
[Date "2013.01.13"]
[Round "4.32"]
[White "Mitchell, Martin"]
[Black "Denton, John R"]
[Result "1-0"]
[WhiteElo "2213"]
[BlackElo "2069"]
[PlyCount "97"]
[EventDate "2013.01.13"]
[WhiteTeam "Spirit of Atticus"]
[BlackTeam "e2e4.org.uk 2"]

1. d4 Nf6 2. c4 e6 3. Nc3 Bb4 4. Nf3 b6 5. Bg5 Bb7 6. e3 h6 7. Bh4 g5 8. Bg3
Ne4 9. Qc2 h5 10. Bd3 f5 11. h4 Bxc3+ 12. bxc3 Nxg3 13. fxg3 g4 14. Ng5 Qe7 15.
O-O Nc6 16. e4 O-O-O 17. exf5 exf5 18. Rae1 Qg7 19. Rxf5 Rdf8 20. Ref1 Rxf5 21.
Rxf5 Nd8 22. Qf2 Qe7 23. Nf7 Re8 24. Nxd8 Kxd8 25. Re5 Qg7 26. Rxh5 Rf8 27. Rf5
Rxf5 28. Qxf5 d6 29. h5 Qh6 30. Kh2 Bc8 31. Qg6 Qxg6 32. Bxg6 Ke7 33. h6 Kf6
34. h7 Kg7 35. c5 bxc5 36. dxc5 dxc5 37. Kg1 a5 38. a3 Bd7 39. Kf2 Be6 40. Ke3
Bd5 41. Be4 Be6 42. Kf4 Bd7 43. Bf5 Bc6 44. Kxg4 Bxg2 45. Kf4 Bd5 46. g4 Bc4
47. Ke5 Bb3 48. g5 Ba2 49. Bd3 1-0

[Event "4NCL Division 2a"]
[Site "De Vere, Staverton Park ENG"]
[Date "2013.01.13"]
[Round "4.33"]
[White "Fernandez, Michael H"]
[Black "Carleton, John J"]
[Result "1/2-1/2"]
[WhiteElo "1842"]
[BlackElo "2277"]
[PlyCount "62"]
[EventDate "2013.01.13"]
[WhiteTeam "e2e4.org.uk 2"]
[BlackTeam "Spirit of Atticus"]

1. e4 Nf6 2. Nc3 Nc6 3. f4 d5 4. e5 Ne4 5. Nce2 Bg4 6. d3 Nc5 7. h3 Bxe2 8.
Bxe2 Nd4 9. Nf3 Nxe2 10. Qxe2 e6 11. O-O Qd7 12. Be3 a5 13. Nd4 g6 14. g4 h5
15. Kg2 Be7 16. c3 b6 17. Rad1 Na4 18. c4 Bc5 19. Bf2 O-O-O 20. Nf3 Bxf2 21.
Kxf2 Nc5 22. b3 hxg4 23. hxg4 dxc4 24. dxc4 Qc6 25. Rxd8+ Rxd8 26. Rd1 Rh8 27.
Rd4 Rh1 28. Kg2 Rh8 29. Kf2 Kb7 30. Qe3 Rh1 31. Kg2 Rh8 1/2-1/2